1655 1155 1451 1759 1414 1002 1467 1258 1977 1631 1402 1519 1058 1947 1302 1022 1485 1102 1765 1718 1118 1652 1722 1558 1375 1222 1822 1279 1845 1426 1075 1103 1626 1496 1066 1570 1935 1770 1131 1356 1516 1283 1319 1217 1788 1311 1091 1423 1621 1108 1133 1872 1899 1725 1969 1536 1659 1822 1380 1143 1682 1030 1870 1491 1373 1176 1277 1576 1690 1206 1382 1142 1560 1019 1003 1107 1617 1460 1593 1976 1551 1473 1200 1004 1349 1548 1952 1772 1656 1452 1954 1346 1699 1056 1758 1257 1185 1136 1779 BCNSPRNW ULIB Ver.6.0+V

เปลี่ยนเป็นภาษาไทย

Change to English
 แสดงรายละเอียดบรรณานุกรม
  กลับหน้าหลัก

Brief Record : Get Marc (ISO 2709) : E-mail record : QR code < ปิดหน้าต่าง
LEADER : 00000nam 2200000uu 4500
001    13399121987
003     ULIB
008    121218s2551||||th 000 0 tha d
020    ^a9789741654512
060 04 ^aWL346^bส984อ 2551
100 0  ^aโสภา พิชัยยงค์วงศ์ดี
245 10 ^aออกกำลังกายพิชิตอัมพาตครึ่งซีก /^cโสภา พิชัยยงค์วงศ์ดี
250    ^aพิมพ์ครั้งที่ 1
260    ^aกรุงเทพฯ :^bหมอชาวบ้าน,^c2551
300    ^a101 หน้า :^bภาพประกอบ
650  7 ^aอัมพาตครึ่งซีก^xรักษา
650  7 ^aออกกำลังกาย^xอัมพาต
945    ^p115^l0^i15449
995    ^aทศพร
999    ^aทศพร เกษรทอง
รายการนี้ยังไม่มีแท็ก
คุณยังไม่ได้ล็อกอิน คุณสามารถมีกิจกรรมร่วมกับเว็บไซต์ได้ แต่ต้องล็อกอินก่อน ::
  ล็อกอิน

รายการสื่อสารสนเทศ

ลำดับที่ ประเภท เลขเรียก/บาร์โค้ด สถานที่ สถานะ
1. วิทยาศาสตร์การแพทย์ และสุขภาพ
วิทยาศาสตร์การแพทย์ และสุขภาพ
WL346 ส984อ 2551 ฉ.1 
  Barcode: 15449
ห้องสมุดวิทยาเขตสวรรค์ประชารักษ์
►หนังสือทั่วไป
บนชั้น

รายการใกล้เคียง
    ผู้แต่ง [โสภา พิชัยยงค์วงศ์ดี]

BibComment


ยังไม่เคยถูกคอมเมนท์

คอมเมนท์ทรัพยากรรายการนี้
  คอมเมนท์: ออกกำลังกายพิชิต..


 Copyright 2026. Bcnsprnw @Library